MARC

LEADER 00000nam0a2200000 4500
001 365074
005 20231102011741.0
035 |a (RuTPU)RU\TPU\retro\22437 
035 |a RU\TPU\retro\22436 
090 |a 365074 
100 |a 20211210d1959 k y0rusy50 ca 
101 0 |a rus 
102 |a RU 
105 |a a z 001zy 
200 1 |a Исследования мерзлых крупноскелетных грунтов  |f Л. Е. Ведерников  |g Всесоюзный научно-исследовательский институт золота и редких металлов 
210 |a Магадан  |c Изд-во ВНИИ-1  |d 1959 
215 |a 22 с.  |c ил. 
225 1 |a Труды ВНИИ-1 (Всесоюзного научно-исследовательского института золота и редких металлов) 
225 1 |a Мерзлотоведение  |v Вып. 13 
320 |a Библиогр. в конце ст. 
606 1 |a Мерзлотоведение  |2 stltpush  |3 (RuTPU)RU\TPU\subj\42207  |9 61898 
610 1 |a мерзлые грунты 
610 1 |a исследования 
610 1 |a оттаивание 
610 1 |a оценка 
610 1 |a осадки 
610 1 |a открытые горные выработки 
675 |a 551.345  |v 4 
700 1 |a Ведерников  |b Л. Е. 
712 0 2 |a Всесоюзный научно-исследовательский институт золота и редких металлов  |c (Магадан)  |c (1960-1994)  |2 stltpush  |3 (RuTPU)RU\TPU\col\7605  |9 24351 
801 1 |a RU  |b 63413507  |c 20211018 
801 2 |a RU  |b 63413507  |c 20211210  |g RCR 
942 |c BK